[Event "Summer Prague Open 2025 - A"]
[Site "Olympik hotel, Sokolovska 138, Praha"]
[Date "2025.08.14"]
[Round "7"]
[Board "25"]
[White "Flasik, Radoslav"]
[Black "Medhvansh, Madeti"]
[Result "1-0"]
[WhiteElo "2143"]
[BlackElo "1991"]
[PlyCount "0"]
[EventDate "2025.08.08"]
[EventRounds "9"]
[EventCountry "CZE"]

1. d4 d5 2. c4 e6 3. Nf3 Nf6 4. g3 Bb4+ 5. Bd2 Be7 6. Bg2 O-O 7. O-O Nbd7 8. Qc2
c6 9. Rd1 b6 10. Bf4 Ba6 11. Nbd2 Nh5 12. Be3 f5 13. cxd5 cxd5 14. Qc6 Kf7 15. Rac1
h6 16. Qa4 Bxe2 17. Re1 Bxf3 18. Bxf3 Nhf6 19. Bf4 a5 20. Bc7 Qe8 21. Rc6 Ne4 22.
Nxe4 fxe4 23. Bg4 Nf6 24. Bxe6+ Kg6 25. Bxd5 Kh7 26. Bxe4+ Nxe4 27. Rxe4 Qf7 28.
Qc2 Kh8 29. Be5 Qh5 30. Bxg7+ Kxg7 31. Rxe7+ Rf7 32. Rxf7+ Qxf7 33. Rc7 Rf8 34. Rxf7+
Rxf7 35. d5 Kf6 36. Qc6+ Ke7 37. Qe6+ Kf8 38. d6 Rf3 39. Qxh6+ Ke8 40. Qh5+ Rf7 41.
d7+  1-0

[Event "Summer Prague Open 2025 - A"]
[Site "Olympik hotel, Sokolovska 138, Praha"]
[Date "2025.08.14"]
[Round "7"]
[Board "26"]
[White "Moser, Axel"]
[Black "Cabela, Filip"]
[Result "1/2-1/2"]
[WhiteElo "2137"]
[BlackElo "2000"]
[PlyCount "0"]
[EventDate "2025.08.08"]
[EventRounds "9"]
[EventCountry "CZE"]

1. d4 Nf6 2. Nf3 e6 3. c4 d5 4. g3 Be7 5. Bg2 O-O 6. O-O dxc4 7. Qc2 b6 8. Bg5 Nd5
9. Bxe7 Qxe7 10. Nbd2 Bb7 11. Nxc4 Nd7 12. a3 c5 13. e4 N5f6 14. e5 Nd5 15. dxc5
Nxc5 16. Nd6 Ba6 17. Rfd1 Nd7 18. Qc6 Be2 19. Re1 Bxf3 20. Bxf3 Rad8 21. Bxd5 exd5
22. f4 Qe6 23. Qc7 Nc5 24. Qxa7 Nd3 25. Rf1 Rxd6 26. exd6 Qe3+ 27. Kh1 Qe4+ 28. Kg1
Qe3+ 29. Kh1 Qe4+  1/2-1/2

[Event "Summer Prague Open 2025 - A"]
[Site "Olympik hotel, Sokolovska 138, Praha"]
[Date "2025.08.14"]
[Round "7"]
[Board "27"]
[White "Muller, Maxime"]
[Black "Koridze, Lile"]
[Result "1-0"]
[WhiteElo "2043"]
[BlackElo "2110"]
[PlyCount "0"]
[EventDate "2025.08.08"]
[EventRounds "9"]
[EventCountry "CZE"]

1. d4 Nf6 2. c4 e6 3. g3 d5 4. Nf3 Bb4+ 5. Bd2 Be7 6. Bg2 O-O 7. O-O c6 8. Qc2 b6
9. Bf4 Ne4 10. Nc3 Nxc3 11. Qxc3 Bb7 12. Rfd1 Nd7 13. Ne5 Rc8 14. Nxd7 Qxd7 15. e4
Rfd8 16. c5 bxc5 17. dxc5 Ba6 18. Be3 Rb8 19. Rab1 Be2 20. Rd2 Bh5 21. Rc1 Bf6 22.
e5 Be7 23. Bf1 Bf3 24. b4 Be4 25. a4 f6 26. Bd4 Rf8 27. f4 fxe5 28. Bxe5 Bf6 29.
b5 Rbc8 30. b6 axb6 31. cxb6 c5 32. Bxf6 gxf6 33. a5 c4 34. a6 Qb5 35. b7 Rc6 36.
Bg2 Bg6 37. Rb2 Qc5+ 38. Kh1 Qa7 39. Qa3 Rb8 40. Ra1 c3 41. Rb3 c2 42. Rc3 Rxc3 43.
Qxc3 Re8 44. h4 d4 45. Qd2 d3 46. g4 Qd4 47. Re1 e5 48. f5 Bf7 49. a7 Qxa7 50. Qxd3
Qf2 51. Rf1 Qxh4+ 52. Kg1 Qxg4 53. Qxc2 Bd5 54. Rf2 Bf7 55. Qe4 Qd1+ 56. Rf1 Qd6
57. Rc1 Rb8 58. Rc8+ Kg7 59. Kh1 Be8 60. Rxb8 Qxb8 61. Qb4 Kh6 62. Qh4+ Kg7 63. Qg3+
Kh6 64. Qe3+ Kh5 65. Bf3+ Kh4 66. Kg2 h5 67. Qb6 Kg5 68. Be4 Kf4 69. Bc2 e4 70. Qf2+
Kg4 71. Bd1+ Kg5 72. Qg3+ Qxg3+ 73. Kxg3 h4+ 74. Kh2  1-0

[Event "Summer Prague Open 2025 - A"]
[Site "Olympik hotel, Sokolovska 138, Praha"]
[Date "2025.08.15"]
[Round "8"]
[Board "1"]
[White "Walek, Petr"]
[Black "Stojanovic, Mihajlo"]
[Result "1/2-1/2"]
[WhiteElo "2284"]
[BlackElo "2397"]
[PlyCount "0"]
[EventDate "2025.08.08"]
[EventRounds "9"]
[EventCountry "CZE"]

1. e4 e6 2. d4 d5 3. Nc3 dxe4 4. Nxe4 Nd7 5. Bd3 Ngf6 6. Qe2 c5 7. Nxc5 Nxc5 8. dxc5
Bxc5 9. Bd2 Qb6 10. O-O-O Bd7 11. Nf3 O-O-O 12. Ne5 Be8 13. Bf4 Nd5 14. Bg3 f6 15.
Nc4 Qc6 16. Na5 Qb6 17. Nc4 Qc6 18. Na5 Qb6 19. Nc4  1/2-1/2

[Event "Summer Prague Open 2025 - A"]
[Site "Olympik hotel, Sokolovska 138, Praha"]
[Date "2025.08.15"]
[Round "8"]
[Board "2"]
[White "Domanskiy, Mykola"]
[Black "Prokofiev, Valentyn"]
[Result "0-1"]
[WhiteElo "2166"]
[BlackElo "2426"]
[PlyCount "0"]
[EventDate "2025.08.08"]
[EventRounds "9"]
[EventCountry "CZE"]

1. e4 e5 2. Nf3 Nc6 3. Bc4 Bc5 4. c3 Nf6 5. d3 a5 6. O-O d6 7. h3 Ba7 8. Re1 O-O
9. Bb3 Re8 10. Nbd2 Be6 11. Bc2 Ne7 12. d4 Ng6 13. Nf1 h6 14. Ng3 c6 15. Be3 Bb8
16. Qd2 Qe7 17. Nf5 Qf8 18. dxe5 dxe5 19. Rad1 Bc7 20. a4 Red8 21. Qc1 Nd7 22. g3
Kh7 23. Kg2 Ne7 24. b3 Ng8 25. c4 f6 26. g4 g6 27. Ng3 Bd6 28. Nh2 Bb4 29. Rf1 g5
30. Nf5 Ne7 31. Nxe7 Qxe7 32. Nf3 Nf8 33. Rxd8 Rxd8 34. Rd1 Re8 35. Ne1 Ng6 36. Nd3
Bd6 37. Qd2 Bc7 38. f3 Kg7 39. Nc1 h5 40. Ne2 h4 41. Nc3 Nf8 42. Bf2 Bc8 43. Ne2
Ne6 44. Be3 Rd8 45. Qc3 b6 46. Rxd8 Bxd8 47. Qd2 Qc7 48. Nc1 Be7 49. Ne2 Bb4 50.
Qd1 Kf7 51. Bd3 Ke7 52. Qg1 Bc5 53. Bxc5+ Nxc5 54. Qd1 Qd6 55. Bc2 Qxd1 56. Bxd1
Nd3 57. Kf1 Kd6 58. Bc2 Nf4 59. Nxf4 gxf4 60. Ke2 Kc5 61. Kd2 Kb4 62. Bd1 Ba6 63.
Bc2 b5 64. cxb5 cxb5 65. Bd3 bxa4 66. bxa4 Bxd3 67. Kxd3 Kb3  0-1

[Event "Summer Prague Open 2025 - A"]
[Site "Olympik hotel, Sokolovska 138, Praha"]
[Date "2025.08.15"]
[Round "8"]
[Board "3"]
[White "Kulhanek, Tomas"]
[Black "Horak, Martin"]
[Result "1/2-1/2"]
[WhiteElo "2289"]
[BlackElo "2348"]
[PlyCount "0"]
[EventDate "2025.08.08"]
[EventRounds "9"]
[EventCountry "CZE"]

1. e4 c5 2. Nf3 d6 3. Bb5+ Bd7 4. Bxd7+ Nxd7 5. O-O Ngf6 6. Re1 e6 7. c4 Ne5 8. d3
Be7 9. Nc3 O-O 10. Nxe5 dxe5 11. Qe2 Nd7 12. Nb1 Nb8 13. Nd2 Bg5 14. Nf3 Bxc1 15.
Raxc1 Nc6 16. a3 Qe7 17. Qc2 Rfd8 18. Qc3 f6 19. Rb1 a5 20. Qc2 Rd6 21. Re3 Qd7 22.
h3 Rd8 23. Rd1 Ne7 24. Kf1 b5 25. Ke2 Rb8 26. cxb5 Qxb5 27. Rb1 Nc6 28. Qc4 Nd4+
29. Nxd4 exd4 30. Rg3 Rdb6 31. Qc1 Qa4 32. b3 Rxb3 33. Qh6 Rb2+ 34. Kf3 R8b7 35.
Qxf6 Rf7 36. Rxg7+ Rxg7 37. Qd8+ Kf7 38. Qc7+ Kg8 39. Qd8+ Kf7 40. Qc7+ Kg8  1/2-1/2

[Event "Summer Prague Open 2025 - A"]
[Site "Olympik hotel, Sokolovska 138, Praha"]
[Date "2025.08.15"]
[Round "8"]
[Board "4"]
[White "Mannion, Stephen R"]
[Black "Toman, Ondrej"]
[Result "0-1"]
[WhiteElo "2179"]
[BlackElo "2311"]
[PlyCount "0"]
[EventDate "2025.08.08"]
[EventRounds "9"]
[EventCountry "CZE"]

1. e4 c6 2. d4 d5 3. f3 g6 4. Nc3 Bg7 5. e5 c5 6. dxc5 d4 7. Nb5 Bxe5 8. Qe2 Nc6
9. f4 Bb8 10. Bd2 Qd5 11. b4 Nf6 12. c4 Qe4 13. Nf3 O-O 14. Nbxd4 Nxd4 15. Qxe4 Nxe4
16. Nxd4 Nxd2 17. Kxd2 Bxf4+ 18. Kc2 Rd8 19. Nf3 a5 20. Kb3 axb4 21. Kxb4 Bd7 22.
Be2 Bc6 23. Rhd1 Ra4+ 24. Kb3 Rda8 25. a3 R4a5 26. Kb4 Be3 27. Nd4 Bxg2 28. Rd3 Ra4+
29. Kb3 Bf2 30. Ra2 Be4 31. Rd1 e5 32. Nf3 f6 33. Nd2 Bg2 34. Bf1 Bc6  0-1

[Event "Summer Prague Open 2025 - A"]
[Site "Olympik hotel, Sokolovska 138, Praha"]
[Date "2025.08.15"]
[Round "8"]
[Board "5"]
[White "Heinrich, John"]
[Black "Mrazek, Adam"]
[Result "1-0"]
[WhiteElo "2351"]
[BlackElo "2043"]
[PlyCount "0"]
[EventDate "2025.08.08"]
[EventRounds "9"]
[EventCountry "CZE"]

1. d4 Nf6 2. c4 g6 3. Nc3 Bg7 4. g3 c6 5. e4 d5 6. cxd5 cxd5 7. e5 Ne4 8. Bg2 Nxc3
9. bxc3 O-O 10. Ne2 Nc6 11. Nf4 e6 12. h4 Na5 13. h5 b6 14. Qd3 Re8 15. Kf1 Qc7 16.
Kg1 Qc4 17. Qf3 Bd7 18. h6 Bf8 19. Nh5 Red8 20. Nf6+ Kh8 21. Nxh7 f5 22. Ng5 Re8
23. Nh3 Kh7 24. Bg5 Be7 25. Bf6 Rac8 26. Ng5+  1-0

[Event "Summer Prague Open 2025 - A"]
[Site "Olympik hotel, Sokolovska 138, Praha"]
[Date "2025.08.15"]
[Round "8"]
[Board "6"]
[White "Pavlis, Matej"]
[Black "Grezels, Florian"]
[Result "1-0"]
[WhiteElo "2098"]
[BlackElo "2340"]
[PlyCount "0"]
[EventDate "2025.08.08"]
[EventRounds "9"]
[EventCountry "CZE"]

1. d4 Nf6 2. c4 e6 3. Nf3 b6 4. g3 Ba6 5. Nbd2 d5 6. Qc2 Be7 7. Bg2 O-O 8. O-O Nbd7
9. Ne5 Nxe5 10. dxe5 Ng4 11. cxd5 exd5 12. Nf3 c5 13. Rd1 Qd7 14. h3 Nh6 15. Bxh6
gxh6 16. Nh2 Bb7 17. Bxd5 Bxd5 18. e4 Bxe4 19. Qxe4 Qxh3 20. Ng4 Rad8 21. Qf5 Kh8
22. e6 Rxd1+ 23. Rxd1 h5 24. Ne3 Qxf5 25. Nxf5 Bf6 26. e7 Re8 27. Rd7 h6 28. Rxa7
Kh7 29. Rb7 Kg6 30. Ne3 Rxe7 31. Rxb6 Rd7 32. b3 Kg7 33. Kg2 Rd2 34. a4 Ra2 35. Kf3
Ra3 36. Nf5+ Kg6 37. Nd6 Bd8 38. Nc4+ Bxb6 39. Nxa3 Kg5 40. Nc4 Ba7 41. Ne5 h4 42.
gxh4+ Kxh4 43. a5 h5 44. Nc6 c4 45. Nxa7 c3 46. Ke2 Kg5 47. Nb5 h4 48. a6  1-0

[Event "Summer Prague Open 2025 - A"]
[Site "Olympik hotel, Sokolovska 138, Praha"]
[Date "2025.08.15"]
[Round "8"]
[Board "7"]
[White "Le Bris, Yann"]
[Black "Lalic, Bogdan"]
[Result "0-1"]
[WhiteElo "2050"]
[BlackElo "2317"]
[PlyCount "0"]
[EventDate "2025.08.08"]
[EventRounds "9"]
[EventCountry "CZE"]

1. e4 c5 2. Nf3 d6 3. c3 Nf6 4. Be2 Bd7 5. Qc2 Qc7 6. O-O g6 7. Na3 Bg7 8. d4 cxd4
9. Nxd4 O-O 10. h3 a6 11. Be3 Nc6 12. Nf3 d5 13. exd5 Nxd5 14. Qd2 Nxe3 15. Qxe3
b5 16. Nc2 e5 17. Rac1 Ne7 18. c4 Nf5 19. Qc3 e4 20. Nfd4 b4 21. Qd2 Nxd4 22. Nxd4
Bxh3 23. Qe3 Qc5 24. Nc2 Qxe3 25. Nxe3 Be6 26. b3 Rfd8 27. Rfd1 Bb2 28. Rc2 Bc3 29.
Nd5 Bxd5 30. cxd5 Rd6 31. Bc4 Kg7 32. Re2 Re8 33. f3 e3 34. Rd3 Bd2 35. g3 f5 36.
Rd4 h5 37. Kg2 Kf6 38. Kf1 g5 39. Rh2 Rh8 40. Ke2 a5 41. f4 g4 42. Rh4 Kg6 43. Rd3
Rc8 44. Rh1 a4 45. Rh4 axb3 46. axb3 Ra8 47. Bb5 Ra1 48. Be8+ Kg7 49. Rd4 Re1+ 50.
Kd3 Bc3  0-1

[Event "Summer Prague Open 2025 - A"]
[Site "Olympik hotel, Sokolovska 138, Praha"]
[Date "2025.08.15"]
[Round "8"]
[Board "8"]
[White "Jun, Rudolf"]
[Black "Davidek, Zdenek"]
[Result "1/2-1/2"]
[WhiteElo "2283"]
[BlackElo "2122"]
[PlyCount "0"]
[EventDate "2025.08.08"]
[EventRounds "9"]
[EventCountry "CZE"]

1. Nf3 d5 2. g3 g6 3. Bg2 Bg7 4. d4 Nf6 5. O-O O-O 6. Ne5 c6 7. c3 Bf5 8. h3 Nfd7
9. Nxd7 Nxd7 10. g4 Be4 11. f3 Bxb1 12. Rxb1 e5 13. dxe5 Qb6+ 14. Kh1 Nxe5 15. f4
Nc4 16. Qd3 Rfe8 17. e4 Qb5 18. exd5 Rad8 19. b3 Nb6 20. c4 Qc5 21. f5 cxd5 22. fxg6
hxg6 23. cxd5 Nxd5 24. Qc4 Qxc4 25. bxc4 Ne3 26. Bxe3 Rxe3 27. Bd5 Rd7 28. Kg2 Be5
29. Rf3 Rxf3 30. Kxf3 b6 31. a4 Bd6 32. h4 Kg7 33. h5 Rd8 34. a5 Bc5 35. a6 Rh8 36.
Rh1 f5 37. Be6 fxg4+ 38. Bxg4 gxh5 39. Bxh5 Kf6 40. Ke4 Kg5 41. Bf3 Rxh1 42. Bxh1
Kf6 43. Kd5 Ke7 44. Kc6 Kd8 45. Kb7 Be3 46. Bc6 Bf2 47. Bb5 Be3 48. Kxa7 Kc7 49.
Ka8 Bf2 50. Bd7 Be3 51. Bb5 Bf2 52. Bd7 Be3 53. Bh3 Bd4 54. Bg2 Bc5 55. Bh1 Bd4 56.
Bd5  1/2-1/2

[Event "Summer Prague Open 2025 - A"]
[Site "Olympik hotel, Sokolovska 138, Praha"]
[Date "2025.08.15"]
[Round "8"]
[Board "9"]
[White "Brejnik, Gustav"]
[Black "Dobrovolsky, Ladislav"]
[Result "1/2-1/2"]
[WhiteElo "2220"]
[BlackElo "2103"]
[PlyCount "0"]
[EventDate "2025.08.08"]
[EventRounds "9"]
[EventCountry "CZE"]

1. d4 d5 2. c4 c5 3. cxd5 Qxd5 4. Nf3 cxd4 5. Nc3 Qa5 6. Nxd4 Nf6 7. Nb3 Qc7 8. a3
Nc6 9. e3 e5 10. Nb5 Qb8 11. Bd2 Be7 12. Be2 O-O 13. Qc2 a6 14. Nc3 Be6 15. O-O Rc8
16. Be1 b5 17. Qd1 Ra7 18. Nd2 Rac7 19. Qb1 Na5 20. Nce4 Nc6 21. Nxf6+ Bxf6 22. Ne4
Be7 23. b4 f5 24. Ng3 e4 25. Bc3 Bd6 26. Qb2 Na5 27. Rac1 Nb3 28. Rc2 Qb7 29. Nxf5
Be5 30. Ne7+ Kf7 31. Nxc8 Qxc8 32. Bc4 Rxc4 33. Qxb3 Rc6 34. Qb1 Bxc3 35. Qd1 g6
36. f3 Bb3 37. fxe4+ Kg8 38. Qf3 Bxc2 39. Qf7+ Kh8 40. Qe7 Bg7 41. Rf7 Re6 42. Qa7
Bxe4 43. Rc7 Qf8 44. Rf7 Qg8 45. Qd7 Bf5 46. Rxg7 Qxg7 47. Qd8+ Qg8 48. Qd4+ Qg7
49. Qd8+ Qg8 50. Qd4+ Qg7  1/2-1/2

[Event "Summer Prague Open 2025 - A"]
[Site "Olympik hotel, Sokolovska 138, Praha"]
[Date "2025.08.15"]
[Round "8"]
[Board "10"]
[White "Botea, David-Alexandru"]
[Black "Muller, Maxime"]
[Result "1-0"]
[WhiteElo "2166"]
[BlackElo "2043"]
[PlyCount "0"]
[EventDate "2025.08.08"]
[EventRounds "9"]
[EventCountry "CZE"]

1. Nf3 d5 2. b3 Nf6 3. Bb2 e6 4. e3 c5 5. d4 Be7 6. Be2 O-O 7. O-O b6 8. dxc5 Bxc5
9. c4 Ba6 10. cxd5 Bxe2 11. Qxe2 Nxd5 12. g3 Nc6 13. e4 Nf6 14. Nc3 Qe7 15. e5 Nd7
16. Rfd1 Rfd8 17. Ne4 Ba3 18. Bxa3 Qxa3 19. Qb5 Rac8 20. Rd6 a6 21. Qd3 Nc5 22. Nxc5
Qxc5 23. Rd1 Rf8 24. Qxa6 Ra8 25. Qe2 Nb4 26. a4 Nd5 27. Qd3 h6 28. Nd2 Rfc8 29.
Ne4 Qb4 30. Qf3 Ra7 31. Qg4 Qxb3 32. R1xd5 exd5 33. Qxc8+ Kh7 34. Ng5+ hxg5 35. Qh3+
Kg8 36. Rd8#  1-0

[Event "Summer Prague Open 2025 - A"]
[Site "Olympik hotel, Sokolovska 138, Praha"]
[Date "2025.08.15"]
[Round "8"]
[Board "11"]
[White "Cuthbert, Michael"]
[Black "Vilimek, Vit"]
[Result "1/2-1/2"]
[WhiteElo "1901"]
[BlackElo "2159"]
[PlyCount "0"]
[EventDate "2025.08.08"]
[EventRounds "9"]
[EventCountry "CZE"]

1. d4 Nf6 2. Bf4 g6 3. Nc3 Bg7 4. e4 d6 5. Qd2 c6 6. Bh6 Bxh6 7. Qxh6 Nbd7 8. Nf3
e5 9. O-O-O Qe7 10. h3 Nh5 11. g3 f6 12. Be2 Ng7 13. Nh4 Nf8 14. f4 Bd7 15. dxe5
dxe5 16. fxe5 fxe5 17. Qe3 Be6 18. Nf3 Nd7 19. Ng5 Qc5 20. Qxc5 Nxc5 21. b4 Nd7 22.
Rd6 Ke7 23. Rhd1 Nf6 24. Nf3 Rad8 25. Rxd8 Rxd8 26. Rxd8 Kxd8 27. Nxe5 Bxh3 28. Nf7+
Ke7 29. Ng5 Bc8 30. e5 Nfh5 31. Nxh7 Nxg3 32. Ng5 Nxe2+ 33. Nxe2 Bf5 34. Nd4 Be6
35. a4 Bd5 36. Kd2 b6 37. c4 Bxc4 38. Nxc6+ Kd7 39. Nxa7 Bb3 40. a5 bxa5 41. bxa5
Ba4 42. Kc3 Ne6 43. Ne4 Kc7 44. Kb4 Bd7 45. Nb5+ Bxb5 46. Kxb5 Nd4+ 47. Kc5  1/2-1/2

[Event "Summer Prague Open 2025 - A"]
[Site "Olympik hotel, Sokolovska 138, Praha"]
[Date "2025.08.15"]
[Round "8"]
[Board "12"]
[White "Grochol, Kamil"]
[Black "Nilsson, Patrik 1968"]
[Result "1-0"]
[WhiteElo "2150"]
[BlackElo "1967"]
[PlyCount "0"]
[EventDate "2025.08.08"]
[EventRounds "9"]
[EventCountry "CZE"]

1. d4 d6 2. e4 Nf6 3. Nc3 Nbd7 4. Nge2 e5 5. h3 Be7 6. g4 h6 7. Bg2 c6 8. a4 a5 9.
Be3 Qc7 10. O-O g5 11. Ng3 Nf8 12. Nf5 Ng6 13. Qd3 Nf4 14. Bxf4 gxf4 15. Qc4 Bxf5
16. exf5 Rc8 17. dxe5 dxe5 18. Rfe1 O-O 19. Qe2 Nd7 20. Ne4 Bg5 21. Bf3 Nf6 22. Nxg5
hxg5 23. Qxe5 Qxe5 24. Rxe5 Rfe8 25. Rxa5 Nd7 26. Rd1 Ne5 27. Kg2 Rc7 28. Ra7 Rce7
29. a5 Nxf3 30. Kxf3 Re2 31. Rd8 Rxf2+ 32. Kxf2 Rxd8 33. Rxb7 Ra8 34. b4 c5 35. c3
cxb4 36. cxb4 Rc8 37. a6 Rc2+ 38. Ke1 Ra2 39. b5 Ra1+ 40. Kd2 Ra2+ 41. Kc3 f3 42.
Rd7 f2 43. Rd1 Ra3+ 44. Kb4  1-0

[Event "Summer Prague Open 2025 - A"]
[Site "Olympik hotel, Sokolovska 138, Praha"]
[Date "2025.08.15"]
[Round "8"]
[Board "13"]
[White "Lever, Erwan"]
[Black "Rossi, Gabriele Valerio"]
[Result "1/2-1/2"]
[WhiteElo "2226"]
[BlackElo "2071"]
[PlyCount "0"]
[EventDate "2025.08.08"]
[EventRounds "9"]
[EventCountry "CZE"]

1. d4 Nf6 2. c4 e6 3. Nf3 b6 4. g3 Bb7 5. Bg2 Be7 6. O-O O-O 7. Nc3 Ne4 8. Bd2 Bf6
9. Rc1 d6 10. d5 Nxc3 11. Bxc3 Bxc3 12. Rxc3 e5 13. b4 a5 14. a3 axb4 15. axb4 Qe8
16. c5 Qb5 17. Qb1 h6 18. cxd6 cxd6 19. Rc7 Bxd5 20. Rd1 Ba2 21. Qb2 Ra4 22. Rxd6
Be6 23. h4 Nd7 24. Qd2 Nf6 25. Ne1 Qxb4 26. Qxb4 Rxb4 27. Rc1 Rb2 28. e3 e4 29. Rd4
Ra8 30. Nd3 Rd2 31. Nf4 Rxd4 32. exd4 Bf5 33. Rb1 Rb8 34. Rb4 Kf8 35. Kf1 b5 36.
Ke2 g5 37. hxg5 hxg5 38. Nh3 Nd5 39. Rb2 f6 40. Kd2 Ke7 41. Ng1 Kd6 42. Ne2 b4 43.
g4 Bxg4 44. Bxe4 Bxe2 45. Kxe2 Nc3+ 46. Kd3 Nxe4 47. Kxe4 b3 48. f3 Rb4 49. Kf5 Ke7
50. Kg6 Rb5 51. d5 Kd6 52. Kxf6 Kxd5 53. Kxg5 Kd4+ 54. Kf4 Kc3 55. Rb1 Kc2 56. Rh1
b2 57. Ke4 b1=Q 58. Rxb1 Rxb1 59. f4 Rf1 60. f5 Kd2 61. Ke5 Ke3 62. f6 Rf2 63. Ke6
Kf4 64. f7 Kg5 65. Ke7 Rxf7+ 66. Kxf7  1/2-1/2

[Event "Summer Prague Open 2025 - A"]
[Site "Olympik hotel, Sokolovska 138, Praha"]
[Date "2025.08.15"]
[Round "8"]
[Board "14"]
[White "Garbrecht, Jan"]
[Black "Sokolovsky, Jakub"]
[Result "1/2-1/2"]
[WhiteElo "2160"]
[BlackElo "2051"]
[PlyCount "0"]
[EventDate "2025.08.08"]
[EventRounds "9"]
[EventCountry "CZE"]

1. e4 c5 2. d3 Nc6 3. g3 g6 4. Bg2 Bg7 5. f4 e6 6. Nf3 Nge7 7. c3 d5 8. O-O O-O 9.
Na3 a6 10. Nc2 b5 11. e5 f6 12. d4 cxd4 13. cxd4 Bd7 14. Be3 Rc8 15. Bf2 a5 16. Nce1
Nb4 17. a3 Na6 18. Nd3 Nc6 19. b3 Qe7 20. Qd2 Rc7 21. Rfc1 Rfc8 22. Bf1 b4 23. a4
Ncb8 24. Rxc7 Rxc7 25. Rc1 Be8 26. exf6 Bxf6 27. Nde5 Rxc1 28. Qxc1 Qc7 29. Qxc7
Nxc7 30. Bd3 Kg7 31. Be3 h5 32. Kf2 Nd7 33. Ne1 Nb6 34. Bc2 Nc8 35. N1d3 Na6 36.
Nc5 Nxc5 37. dxc5 Bxe5 38. fxe5 Ne7 39. Bd3 Nc6 40. Bb5 Kf7 41. Bxc6 Bxc6 42. Bd4
g5 43. h3 Kg6 44. Kf3 Kf5 45. g4+  1/2-1/2

[Event "Summer Prague Open 2025 - A"]
[Site "Olympik hotel, Sokolovska 138, Praha"]
[Date "2025.08.15"]
[Round "8"]
[Board "15"]
[White "Zvolensky, David"]
[Black "Posluszny, Tomasz"]
[Result "1-0"]
[WhiteElo "2154"]
[BlackElo "2036"]
[PlyCount "0"]
[EventDate "2025.08.08"]
[EventRounds "9"]
[EventCountry "CZE"]

1. d4 Nf6 2. c4 e6 3. Nf3 c5 4. d5 exd5 5. cxd5 d6 6. Nc3 g6 7. e4 Bg7 8. Nd2 O-O
9. Bd3 Na6 10. O-O Nc7 11. f3 Rb8 12. a4 b6 13. Nc4 Ba6 14. Bg5 Bxc4 15. Bxc4 Qd7
16. Qd3 h6 17. Bd2 Rbe8 18. Nb5 Ra8 19. Bc3 Nfe8 20. f4 a6 21. Bxg7 Kxg7 22. Nc3
Rb8 23. Bxa6 Nxa6 24. Qxa6 Nc7 25. Qd3 b5 26. axb5 Nxb5 27. Nxb5 Qxb5 28. Qc3+ Kg8
29. Rf2 Qb3 30. f5 Qxc3 31. bxc3 gxf5 32. Rxf5 Rb3 33. Rf3 Re8 34. Ra4 Rb1+ 35. Kf2
Rb2+ 36. Kg3 Re5 37. h4 Re2 38. Ra8+ Kg7 39. Ra7 R2xe4 40. Raxf7+ Kg8 41. Rf8+ Kg7
42. R3f7+ Kg6 43. Rf6+ Kg7 44. R8f7+ Kg8 45. Rd7 Rxd5 46. Rxh6 Rd3+ 47. Kh2 Rg4 48.
Rdxd6 Rxd6 49. Rxd6 Rxh4+ 50. Kg3 Rc4 51. Rd3 Kf7 52. Re3 Kf6 53. Kf3 Kf5 54. Ke2
Rf4 55. Rg3 Rg4 56. Re3 c4 57. g3 Rg8 58. Kf3 Rd8 59. Re1 Kf6 60. g4 Rd3+ 61. Kf4
Rd7 62. Re4 Rc7 63. Ke3 Rc6 64. Kd4 Rc7 65. Kd5 Rc8 66. Rf4+ Kg5 67. Rxc4 Rd8+ 68.
Ke6 Rd3 69. Ke5 Rd8 70. Rd4 Rc8 71. c4 Re8+ 72. Kd6 Rd8+ 73. Kc5 Rc8+ 74. Kb6 Rb8+
75. Kc7 Rb4 76. Kd6 Kf6 77. Rf4+ Kg5 78. Re4 Kf6 79. Kd5 Rb8 80. c5  1-0

[Event "Summer Prague Open 2025 - A"]
[Site "Olympik hotel, Sokolovska 138, Praha"]
[Date "2025.08.15"]
[Round "8"]
[Board "16"]
[White "Glimbrant, Torbjorn"]
[Black "Lihotsky, Lukas"]
[Result "0-1"]
[WhiteElo "2039"]
[BlackElo "2153"]
[PlyCount "0"]
[EventDate "2025.08.08"]
[EventRounds "9"]
[EventCountry "CZE"]

1. c4 e6 2. Nf3 d5 3. d4 Nf6 4. Nc3 Bb4 5. e3 O-O 6. Bd3 dxc4 7. Bxc4 b6 8. O-O Bb7
9. Qe2 Nbd7 10. Rd1 Qe7 11. a3 Bxc3 12. bxc3 e5 13. a4 exd4 14. cxd4 Ne4 15. Ba3
c5 16. Rac1 Rfe8 17. dxc5 Ndxc5 18. Bb5 Red8 19. Nd4 Rac8 20. Bd3 Qg5 21. f3 Nxd3
22. Qxd3 Nc5 23. Qe2 Ba6 24. Qd2 Nb3 25. Rxc8 Nxd2 26. Rxd8+ Qxd8 27. Rxd2 h5 28.
g3 Qe8 29. Nf5 Qxa4 30. Bb2 Qb5 31. Ne7+ Kh7 32. h4  0-1

[Event "Summer Prague Open 2025 - A"]
[Site "Olympik hotel, Sokolovska 138, Praha"]
[Date "2025.08.15"]
[Round "8"]
[Board "17"]
[White "Giraldi, Edoardo"]
[Black "Flasik, Radoslav"]
[Result "1/2-1/2"]
[WhiteElo "2038"]
[BlackElo "2143"]
[PlyCount "0"]
[EventDate "2025.08.08"]
[EventRounds "9"]
[EventCountry "CZE"]

1. e4 c5 2. Nf3 d6 3. d4 cxd4 4. Nxd4 Nf6 5. Nc3 Nc6 6. Bc4 Qb6 7. Nb3 a6 8. Bf4
Qc7 9. Be2 e6 10. Qd2 Be7 11. g4 Ne5 12. g5 Nfd7 13. O-O-O b5 14. Kb1 Bb7 15. a3
Nc5 16. Nxc5 Qxc5 17. Be3 Nc4 18. Bxc4 Qxc4 19. Bd4 O-O 20. f3 Rfc8 21. h4 a5 22.
Qd3 Qxd3 23. Rxd3 b4 24. axb4 axb4 25. Ne2 d5 26. e5 Ba6 27. Rd2 Rc6 28. b3 Bxe2
29. Rxe2 Bc5 30. Bb2 Rca6 31. Rd1 Ra2 32. Rd3 Kf8 33. Kc1 Ke8 34. Rg2 Kd7 35. Rg4
Kc6 36. Rg2 Kb5 37. Re2 Rh8 38. Rg2 Be7 39. Kb1 Raa8 40. Rg4 h6 41. gxh6 g6 42. Bc1
Ra7 43. c4+ bxc3 44. Rxc3 Bb4 45. Rd3 Bf8 46. h5 gxh5 47. Rh4 Bxh6 48. Rxh5 Bg7 49.
Rxh8 Bxh8 50. f4 Bg7 51. Rg3 Bf8 52. Rg8 Be7 53. Rb8+ Kc5 54. Bb2 d4 55. Kc2 Ra2
56. Kb1 Ra7  1/2-1/2

[Event "Summer Prague Open 2025 - A"]
[Site "Olympik hotel, Sokolovska 138, Praha"]
[Date "2025.08.15"]
[Round "8"]
[Board "18"]
[White "Mamyrov, Beybarys"]
[Black "Horacek, Michal"]
[Result "1-0"]
[WhiteElo "1960"]
[BlackElo "2115"]
[PlyCount "0"]
[EventDate "2025.08.08"]
[EventRounds "9"]
[EventCountry "CZE"]

1. d4 Nf6 2. c4 g6 3. Nc3 Bg7 4. e4 d6 5. Be2 O-O 6. Be3 e5 7. d5 Nfd7 8. g4 a5 9.
h4 Na6 10. g5 Re8 11. h5 Re7 12. Qd2 Nac5 13. Nf3 b6 14. Rh4 Nf8 15. O-O-O a4 16.
hxg6 fxg6 17. Nh2 Rf7 18. Ng4 Bxg4 19. Rxg4 Qe8 20. Rh4 a3 21. b3 Bh8 22. Rdh1 Qe7
23. Bg4 Rf4 24. Bxf4 exf4 25. Be6+ Ncxe6 26. dxe6 Qxe6 27. Qd5 Re8 28. Kc2 Be5 29.
Qxe6+ Nxe6 30. Rxh7 Bg7 31. R7h4 Be5 32. Nd5 Nxg5 33. Rg4 Nxe4 34. Rxg6+ Kf7 35.
Rg2 Nf6 36. Nxc7 Rc8 37. Nb5 f3 38. Rg5 Ke6 39. Kd3 Nd7 40. Nd4+ Bxd4 41. Kxd4 Ne5
42. Rh6+ Kd7 43. Rg7+ Kc6 44. b4 b5 45. c5 Nc4 46. cxd6 Rf8 47. d7+ Kc7 48. d8=Q+
Kxd8 49. Ra6  1-0